Gramática para profesores. Consideraciones metalingüísticas para el aprendizaje
Guardat en:
| Autor principal: | |
|---|---|
| Altres autors: | , , |
| Format: | Desconegut |
| Idioma: | anglès |
| Publicat: |
Santiago, Chile:
Ediciones UC,
2017
|
| Col·lecció: | Colección Educación UC
|
| Matèries: | |
| Etiquetes: |
Afegir etiqueta
Sense etiquetes, Sigues el primer a etiquetar aquest registre!
|
MARC
| LEADER | 00000 a2200000 4500 | ||
|---|---|---|---|
| 003 | CL-VaPUC | ||
| 005 | 20220111110136.0 | ||
| 008 | 211228b2017 ||||| |||| 00| 0 eng d | ||
| 999 | |c 434358 |d 434356 | ||
| 020 | |a 978-956-14-2149-3 | ||
| 040 | |c Pontificia Universidad Católica de Valparaíso | ||
| 082 | 7 | |a 415.07 MEN 2017 |2 23 | |
| 100 | 1 | |a Meneses, Alejandra |9 865281 | |
| 245 | 1 | |a Gramática para profesores. |b Consideraciones metalingüísticas para el aprendizaje | |
| 260 | |a Santiago, Chile: |b Ediciones UC, |c 2017 | ||
| 300 | |a 390 páginas | ||
| 490 | |a Colección Educación UC | ||
| 583 | |k Cristina María Rojas Aguilar |c 20211228 | ||
| 650 | 7 | |a Gramática comparada y general |x Enseñanza |9 865472 | |
| 650 | 0 | |a Profesores |x Formación profesional |9 859547 | |
| 700 | |a Hugo, Evelyn |9 865473 | ||
| 700 | |a Acevedo, Daniela |9 865474 | ||
| 700 | |a Avila, Natalia |9 865475 | ||
| 942 | |2 ddc |c BK | ||
| 952 | |0 0 |1 0 |2 ddc |4 0 |6 415_070000000000000_MEN_2017 |7 0 |8 A |9 579891 |a BIBEDU |b BIBEDU |d 2021-12-28 |e 3 |g 10426.00 |i 5631793 |l 1 |o 415.07 MEN 2017 |p 5631793 |r 2024-10-15 |s 2024-10-07 |t 1 |v 10426.00 |w 2021-12-28 |y BK |k LIT | ||